=LDR 00000nam 2200000 4500 =001 INLIS000000000006590 =005 20251111012756 =035 ##$$a 0010-1125000464 =007 ta =008 251111################f##########0#ind## =082 ##$$a 304.66 =084 ##$$a 304.66 BAD p =245 1#$$a Pedoman Pemantapan Peran Institusi Masyarakat Pedesaan Dalam Pembinaan Kegiatan Ekonomi Produktif /$c Badan Koordinasi Keluarga Berencana Nasional (BKKBN) Biro Peningkatan Institusi Masyarakat =260 ##$$a Jakarta :$b Badan Koordinasi Keluarga Berencana Nasional (BKKBN),$c 1998 =300 ##$$a iv, 30 hlm. : $b - =650 #4$$a BKKBN =650 #4$$a Pemberdayaan Masyarakat =110 2#$$a Badan Koordinasi Keluarga Berencana Nasional (BKKBN) Biro Peningkatan Institusi Masyarakat